00261nam a2200085Ia 4500008004100000100003300041245006300074260003000137300000800167210107s9999 xx 000 0 und d aBurton, Stephen M. (Comp.) 2aA Set of Nautical Tables For General Navigational Purposes aLondonbStanford Maritime a345